Loading...

Reiner kunze: Materialien zu leben und Werk

Bibliographic Details
Other Authors: Feldkamp, Heiner
Format: Printed Book
Published: Frankfurt Fischer Taschenbuc Verlag 1987
LEADER 00446nam a22001217a 4500
999 |c 291964  |d 291964 
082 |a 831.914  |b FEL 
245 |a Reiner kunze:  |b Materialien zu leben und Werk 
246 |a Reiner Kunze:Live materials and work 
260 |a Frankfurt  |b Fischer Taschenbuc Verlag  |c 1987 
700 |a Feldkamp, Heiner 
942 |c BK 
952 |0 0  |1 0  |4 0  |6 831_914000000000000_FEL  |7 0  |9 310664  |a GER  |b GER  |d 2020-06-15  |l 0  |o 831.914 FEL  |p GER9446  |r 2020-06-15  |w 2020-06-15  |y BK